पीर अलीः (Record no. 14913)
[ view plain ]
| 000 -LEADER | |
|---|---|
| fixed length control field | 01294nam a22002657a 4500 |
| 005 - DATE AND TIME OF LATEST TRANSACTION | |
| control field | 2008081907107.0 |
| 008 - FIXED-LENGTH DATA ELEMENTS--GENERAL INFORMATION | |
| fixed length control field | 080819t xxu||||| |||| 00| f hin d |
| 010 ## - LIBRARY OF CONGRESS CONTROL NUMBER | |
| LC control number | HIN-83971 |
| 020 ## - INTERNATIONAL STANDARD BOOK NUMBER | |
| Terms of availability | 150.00 |
| 035 ## - SYSTEM CONTROL NUMBER | |
| System control number | HN-56317 |
| 037 ## - SOURCE OF ACQUISITION | |
| Stock number | DBAD / PUB |
| 040 ## - CATALOGING SOURCE | |
| Original cataloging agency | DPL |
| Language of cataloging | HN |
| 082 ## - DEWEY DECIMAL CLASSIFICATION NUMBER | |
| Classification number | उ |
| 100 ## - MAIN ENTRY--PERSONAL NAME | |
| Personal name | शाद अज़ीमाबादी |
| 245 ## - TITLE STATEMENT | |
| Title | पीर अलीः |
| Remainder of title | उपन्यास / |
| Statement of responsibility, etc | शाद अज़ीमाबादी ; नक़ी अहमद इरशाद द्वारा संकलित |
| 246 ## - VARYING FORM OF TITLE | |
| Title proper/short title | Piira Alii |
| Remainder of title | by Shaad Aziimaabaadii |
| 260 ## - PUBLICATION, DISTRIBUTION, ETC. (IMPRINT) | |
| Place of publication, distribution, etc | पटना |
| Name of publisher, distributor, etc | ख़ुदा बक्श ओरिएन्टल पब्लिक लाइब्रेरी |
| Date of publication, distribution, etc | 2007 |
| 270 ## - ADDRESS | |
| Address | ख़ुदा बक्श ओरिएन्टल पब्लिक लाइब्रेरी |
| City | पटना |
| Postal code | 4 |
| 300 ## - PHYSICAL DESCRIPTION | |
| Extent | 120पृ |
| Dimensions | 22सेमी (अजिल्द) |
| 650 ## - SUBJECT ADDED ENTRY--TOPICAL TERM | |
| Topical term or geographic name as entry element | हिन्दी कथा साहित्य |
| 650 ## - SUBJECT ADDED ENTRY--TOPICAL TERM | |
| Topical term or geographic name as entry element | Hindi fiction |
| 700 ## - ADDED ENTRY--PERSONAL NAME | |
| Personal name | नक़ी अहमद इरशाद |
| 942 ## - ADDED ENTRY ELEMENTS (KOHA) | |
| Source of classification or shelving scheme | Dewey Decimal Classification |
| Koha item type | Hindi Books |
| Classification part | उ |
| Call number suffix | शादअ |
| Withdrawn status | Lost status | Damaged status | Not for loan | Collection code | Home library | Current library | Date acquired | Source of acquisition | Cost, normal purchase price | Total Checkouts | Full call number | Barcode | Date last seen | Copy number | Cost, replacement price | Price effective from | Koha item type |
|---|---|---|---|---|---|---|---|---|---|---|---|---|---|---|---|---|---|
| Not For Loan | Fiction | D.B.Act.Division | D.B.Act.Division | 19/08/2008 | DBAD / PUB | 150.00 | ठशादठ| HN-56317 | 15/09/2008 | 1 | 150.00 | 15/09/2008 | Hindi Books |
